Ends in 'RA' Quiz Stats

 Plays Quiz Updated Feb 21, 2012

Also try: Ends in 'EAU'
Challenge
Share
Tweet
Embed
Score 0/62 Timer 10:00
0 Plays Today
Hint Answer % Correct
ANIMAL KINGDOMcobra
89.3%
HEALTH & ANATOMYViagra, Levitra
79%
AT THE MOVIESAce Ventura
72.3%
HISTORYCleopatra
71.8%
MUSICorchestra
68.5%
HEALTH & ANATOMYurethra
68.3%
HEALTH & ANATOMYaura
66.1%
MUSICFrank Sinatra
63.6%
FASHION & BEAUTYmascara
61.5%
HEALTH & ANATOMYvertebra
59.2%
ANIMAL KINGDOMzebra
58.5%
MISCELLANEOUScamera
57.5%
MYTHOLOGYHera
57.4%
MISCELLANEOUSalgebra
57%
MUSICQue sera, sera
56.9%
MYTHOLOGYPandora
56.9%
MYTHOLOGYRa
56.4%
MISCELLANEOUSKama Sutra
53.2%
GEOGRAPHYSahara
52.8%
MUSICShakira
51.7%
MISCELLANEOUS, cont'dtundra
51.1%
CONSTELLATIONSLibra
48.7%
AT THE MOVIESScarlett O'hara
48.7%
FASHION & BEAUTYfedora
48.7%
HEALTH & ANATOMYaloe vera
48.4%
MUSICopera
45.8%
MISCELLANEOUSaurora
45.3%
HISTORYChe Guevara
43.8%
MUSICChristina Aguilera
42.6%
ANIMAL KINGDOMkookaburra
42.6%
MISCELLANEOUSextra
42.4%
Hint Answer % Correct
FAMOUS PEOPLEYogi Berra
42.4%
GEOGRAPHYAndorra
42.3%
CARSAcura
41.5%
FICTIONAL CHARACTERSDora
37.9%
FAMOUS PEOPLEAmerica Ferrera
37.1%
MISCELLANEOUS, cont'dokra
34.8%
FICTIONAL CHARACTERSShe-ra
34%
ANIMAL KINGDOMangora
31.8%
MISCELLANEOUS, cont'dHanna-Barbera
30.8%
CARSCarrera
29.6%
ANIMAL KINGDOMcapybara
29.3%
FAMOUS PEOPLECarmen Electra
29.1%
AT THE MOVIESFrank Capra
27.5%
GEOGRAPHYCanberra
27.2%
CONSTELLATIONSHydra
26%
FASHION & BEAUTYtiara
25.7%
GEOGRAPHYSumatra
23.7%
MISCELLANEOUS, cont'dsayonara
22.9%
MYTHOLOGYChimera
21.8%
HISTORYPetra
21.4%
FICTIONAL CHARACTERSBagheera
21.3%
HEALTH & ANATOMYcholera
21.1%
FAMOUS PEOPLEGeraldo Rivera
20.7%
ANIMAL KINGDOMremora
16.2%
CARSIntegra
15.2%
GEOGRAPHYAnkara
14.4%
GEOGRAPHYAccra, Asmara, Bujumbura
14.4%
MISCELLANEOUS, cont'dumbra
13.5%
CONSTELLATIONSLyra
12.7%
CARSSupra
11.5%
CONSTELLATIONSAra
5.5%

You're not logged in!

Compare scores with friends on all Sporcle quizzes.
OR
Log In

You Might Also Like...

Show Comments

Extras

Top Quizzes Today


Score Distribution

Your Account Isn't Verified!

In order to create a playlist on Sporcle, you need to verify the email address you used during registration. Go to your Sporcle Settings to finish the process.

Report this User

Report this user for behavior that violates our Community Guidelines.

Details: